书目信息 |
| 题名: |
周易智慧64句
|
|
| 作者: | 陈泓 主编 | |
| 分册: | ||
| 出版信息: | 重庆 重庆出版社 2008.05 |
|
| 页数: | 93页 | |
| 开本: | 21cm | |
| 丛书名: | ||
| 单 册: | ||
| 中图分类: | B221-49 | |
| 科图分类: | ||
| 主题词: | ||
| 电子资源: | ||
| ISBN: | 978-7-5366-9648-8 | |
| 000 | 00738nam0 2200229 450 | |
| 001 | 012009292007 | |
| 005 | 20090503093214.98 | |
| 010 | @a978-7-5366-9648-8@dCNY9.80 | |
| 100 | @a20090503d2008 em y0chi0120 ea | |
| 101 | 0 | @achi |
| 102 | @aCN@b500000 | |
| 105 | @aa z 000yy | |
| 106 | @ar | |
| 200 | 1 | @a周易智慧64句@Azhou yi zhi hui 64 ju@f陈泓主编@Fchen hong zhu bian |
| 210 | @a重庆@c重庆出版社@d2008.05 | |
| 215 | @a93页@c图@d21cm | |
| 330 | @a本书内容包括《周易·大象传》全文、诵读要领、《周易》的象征符号、《周易·大象传》顺序、《周易·大象传》每则解意等。 | |
| 605 | @a周易@Azhou yi@x研究 | |
| 690 | @aB221-49@v4 | |
| 701 | 0 | @a陈泓@Achen hong@4主编 |
| 801 | 0 | @aCN@bQSSK@c20090503 |
| 905 | @b741880-82@dB221-49@eC442@f3 | |
| 周易智慧64句/陈泓主编.-重庆:重庆出版社,2008.05 |
| 93页:图;21cm |
| ISBN 978-7-5366-9648-8:CNY9.80 |
| 本书内容包括《周易·大象传》全文、诵读要领、《周易》的象征符号、《周易·大象传》顺序、《周易·大象传》每则解意等。 |
| ● |
| 相关链接 |
|
|
|
正题名:周易智慧64句
索取号:B221-49/C442
 
预约/预借
| 序号 | 登录号 | 条形码 | 馆藏地/架位号 | 状态 | 备注 |
| 1 | 741880 | 207418800 | 社科库509/509社科库 9排2列3层/ [索取号:B221-49/C442] | 在馆 | |
| 2 | 741881 | 207418819 | 社科库509/422社科库 13排2列3层/ [索取号:B221-49/C442] | 在馆 | |
| 3 | 741882 | 207418828 | 社科库509/509社科库 9排2列3层/ [索取号:B221-49/C442] | 在馆 |